| 000 | 00838nam a2200205Ia 4500 | ||
|---|---|---|---|
| 003 | Ost | ||
| 005 | 20260507075637.0 | ||
| 008 | 260507s9999||||xx |||||||||||||| ||und|| | ||
| 020 | _a×171119957 | ||
| 040 | _cfsecg | ||
| 041 | _aara | ||
| 082 | _a621.38195 | ||
| 100 |
_aالبطش، هاني _eمؤلف |
||
| 245 | 0 |
_aالكمبيوتر : _bمكونات- تجميع- صيانة / _c هاني البطش |
|
| 260 |
_aعمان: _bدار وائل للنشر والتوزيع, _c2001 |
||
| 300 |
_a295 صفحة؛ _bإيضاحات ؛ _c24 سم |
||
| 520 | _aتطور الحاسوب- المكونات الداخلية- أجهزة التخزين- أجهزة الإدخال- العرض المرئي- الطابعات- التجميع- مشكلات البرامج وأنظمة التشغيل | ||
| 653 | _aالحاسوب | ||
| 942 | _cكتاب | ||
| 999 |
_c45326 _d45326 |
||